000 01394nam a2200361 a 4500
001 0000402
003 DO-SdBNP
005 20180314132106.0
007 0000402
008 091125s2013 dr a 000 0 spa d
020 _a9789945174793
040 _aBPMSU
_bspa
_cBPMSU
092 _a 373.257
_bB615e, 2do. 2013
245 0 0 _aBiología 2:
_beducación media /
_cMagda Norelly Salamanca ... [et al.] ; gerencia editorial Anna Rogero Soler ; ilustración Rafael Almanzar
260 _aSanto Domingo :
_bSM,
_c2013.
300 _a175 p. :
_bil. ;
_c29 cm. + CD ROOM
490 1 _aProyecto Sé
504 _aBibliografía p: 175
505 0 _tNutrición en animales y plantas --
_tRelación y reproducción en animales y plantas --
_tLa alimentación y los alimentos --
_tTransporte de sustancias y relación --
_tReproducción en los humanos --
650 _aBIOLOGÍA
_xENSEÑANZA SECUNDARIA
650 _aBIOLOGÍA
_xEDUCACIÓN SECUNDARIA
650 _aEDUCACIÓN SECUNDARIA
_zREPÚBLICA DOMINICANA
650 _aBIOLOGÍA
_xLIBROS DE TEXTO
650 _aBIOLOGÍA
_xESTUDIOS Y EJERCICIOS
700 1 2 _aNorelli Salamanca, Magda
700 1 _aRogero Soler, Anna
_eed.
700 1 2 _aAlmanzar, Rafael
_eil.
830 0 _aProyecto Sé
910 _aValidado. Control de calidad MFF
942 _2ddc
_cBK
945 _aRemanejado para la BNPHU / 2018 VM
956 _aYngrid Lockward
_b10
999 _c10332
_d10332